000 00601nam a2200241Ia 4500
003 OSt
005 20221005065725.0
006 a|||||r|||| 00| 0
007 ta
008 221004b |||||||| |||| 00| 0 eng d
024 _a61408
037 _cTextual
040 _aCRL
_cCRL
_beng
041 _2eng
_aeng
082 _aV1.C, M5
100 _aKorovkin F
_9604945
245 0 _aHistory of the ancient world
260 _aMoscow
_bProgress
_c1985
300 _a245p.
_ccm.
650 _aWORLD HISTORY
942 _hV1.C, M5
_cTEXL
_2cc
999 _c975106
_d975106